Detalles MARC
| 000 -CABECERA |
| Longitud fija campo de control |
01744nam a2200433 c 4500 |
| 001 - NÚMERO DE CONTROL |
| Número de control |
6061 |
| 003 - IDENTIFICADOR DE NÚMERO DE CONTROL |
| Identificador del número de control |
ES-MaCES |
| 005 - FECHA Y HORA DE LA ÚLTIMA TRANSACCIÓN |
| Fecha y hora de la última transacción |
20150925133406.0 |
| 008 - CAMPO FIJO DE DESCRIPCIÓN FIJA--INFORMACIÓN GENERAL |
| Códigos de información de longitud fija |
971119s1993 be d ||| | spa d |
| 017 ## - NÚMERO DE REGISTRO DE DERECHOS DE AUTOR Y DEPÓSITO LEGAL |
| Número de copyright o de depósito legal |
M-35921-1993 |
| Agencia que asigna el número |
DL |
| 020 ## - ISBN (INTERNATIONAL STANDARD BOOK NUMBER) |
| Número Internacional Normalizado para Libros (ISBN) |
8459933423 |
| 035 ## - NÚMERO DE CONTROL DEL SISTEMA |
| Número de control del sistema |
CES19980061119m |
| 040 ## - FUENTE DE CATALOGACIÓN |
| Centro catalogador de origen |
ES-MaCES |
| Lengua de catalogación |
spa |
| Centro transcriptor |
ES-MaCES |
| 041 1# - CÓDIGO DE IDIOMA |
| Código de lengua del texto;banda sonora o título independiente |
spa |
| Código de lengua original |
eng |
| 100 1# - ENCABEZAMIENTO PRINCIPAL--NOMBRE PERSONAL |
| Nombre de persona |
Stahl, Thomas |
| 9 (RLIN) |
24386 |
| 245 13 - MENCIÓN DE TÍTULO |
| Título |
La organización autocualificante |
| Resto del título |
: una visión del desarrollo de los recursos humanos |
| Mención de responsabilidad, etc. |
por Thomas Stahl, Barry Nyhan y Piera D'Aloja ; [traducción y fotocomposición, CELER, Servicio Técnico de Traducciones] |
| 260 ## - PUBLICACIÓN, DISTRIBUCIÓN, ETC (PIE DE IMPRENTA) |
| Lugar de publicación, distribución, etc. |
Bruselas |
| Nombre del editor, distribuidor, etc. |
Oficina de Asistencia Técnica de EUROTECNET |
| Fecha de publicación, distribución, etc. |
D.L. 1993 |
| 300 ## - DESCRIPCIÓN FÍSICA |
| Extensión |
106 p. |
| Otras características físicas |
gráf. |
| Dimensiones |
24 cm |
| 500 ## - NOTA GENERAL |
| Nota general |
Traducción de: The learning organization |
| 500 ## - NOTA GENERAL |
| Nota general |
Tit. de la cub. y del lomo: La organización cualificante |
| 500 ## - NOTA GENERAL |
| Nota general |
En la cub., además: Eduación, Formación, Juventud ; Comisión de las Comunidades Europeas |
| 504 ## - NOTA DE BIBLIOGRAFÍA, ETC. |
| Nota de bibliografía, etc. |
Bibliografía |
| 541 ## - NOTA DE LA FUENTE INMEDIANTE DE ADQUISICIÓN |
| Forma de adquisición |
Gratuito |
| 650 #4 - ASIENTO SECUNDARIO DE MATERIA--TÉRMINO DE MATERIA |
| Término de materia o nombre geográfico como elemento inicial |
administración de recursos humanos |
| 9 (RLIN) |
30474 |
| 650 #4 - ASIENTO SECUNDARIO DE MATERIA--TÉRMINO DE MATERIA |
| Término de materia o nombre geográfico como elemento inicial |
conducta organizacional |
| 9 (RLIN) |
30098 |
| 650 #4 - ASIENTO SECUNDARIO DE MATERIA--TÉRMINO DE MATERIA |
| Término de materia o nombre geográfico como elemento inicial |
evaluación de tareas |
| 9 (RLIN) |
28314 |
| 650 #4 - ASIENTO SECUNDARIO DE MATERIA--TÉRMINO DE MATERIA |
| Término de materia o nombre geográfico como elemento inicial |
calificación profesional |
| 9 (RLIN) |
28319 |
| 650 #4 - ASIENTO SECUNDARIO DE MATERIA--TÉRMINO DE MATERIA |
| Término de materia o nombre geográfico como elemento inicial |
aprendizaje |
| 9 (RLIN) |
27362 |
| 650 #4 - ASIENTO SECUNDARIO DE MATERIA--TÉRMINO DE MATERIA |
| Término de materia o nombre geográfico como elemento inicial |
formación en la empresa |
| 9 (RLIN) |
27452 |
| 653 10 - TÉRMINO DE INDEXACIÓN--NO CONTROLADO |
| Término no controlado |
Ciencias Empresariales |
| 650 #4 - ASIENTO SECUNDARIO DE MATERIA--TÉRMINO DE MATERIA |
| 9 (RLIN) |
28178 |
| Término de materia o nombre geográfico como elemento inicial |
empresa |
| 700 1# - ENCABEZAMIENTO SECUNDARIO--NOMBRE PERSONAL |
| Nombre de persona |
Nyhan, Barry |
| 9 (RLIN) |
19798 |
| 700 1# - ENCABEZAMIENTO SECUNDARIO--NOMBRE PERSONAL |
| Nombre de persona |
D'Aloja, Piera |
| 9 (RLIN) |
10311 |
| 710 2# - ENCABEZAMIENTO SECUNDARIO--NOMBRE CORPORATIVO |
| Nombre de entidad o nombre de jurisdicción como elemento inicial |
EUROTECNET |
| Unidad subordinada |
Oficina de Asistencia Técnica |
| Término indicativo de función |
ed. |
| 9 (RLIN) |
3517 |
| 710 2# - ENCABEZAMIENTO SECUNDARIO--NOMBRE CORPORATIVO |
| Nombre de entidad o nombre de jurisdicción como elemento inicial |
Comisión de las Comunidades Europeas |
| Unidad subordinada |
'Task Force' Recursos Humanos, Educación, Formación y Juventud |
| 9 (RLIN) |
2017 |
| 902 ## - CES. TIPO DE DOCUMENTO |
| Tipodoc (006$c Sirtex) |
LIB Libro |
| 942 ## - ELEMENTOS KOHA |
| Fuente de clasificaión o esquema |
Clasificación propia del CES |
| Koha [por defecto] tipo de item |
Monografías |
| Parte de clasificación |
7.0. |